| 000 | 00664nam a2200205 a 4500 | ||
|---|---|---|---|
| 005 | 20210223130203.0 | ||
| 008 | 070424s2003 mx r 000 0 spa d | ||
| 020 | _a8420538507 | ||
| 035 | _aUPN01000150127 | ||
| 049 | _aCG | ||
| 050 | 4 |
_aQA76.9 D3 _bC4.2 |
|
| 100 | 1 | _aCelma Giménez, Matilde | |
| 245 | 1 | 0 |
_aBases de datos relacionales / _cMatilde Celma Giménez, Juan Carlos Casamayor Ródenas, Laura Mota Herranz. |
| 260 |
_aMadrid : _bPearson Educación, _c2003. |
||
| 300 | _ax, 285 p. | ||
| 650 | 4 |
_aBASES DE DATOS RELACIONADAS _92941 |
|
| 700 | 1 |
_aCasamayor Ródenas, Juan Carlos, _ecoaut. |
|
| 700 | 1 |
_aMota Herranz, Laura, _ecoaut. |
|
| 905 | _aLibro | ||
| 999 |
_c122268 _d122268 |
||